Paroles : On ira - Jean-Jacques Goldman - Statistiques

Statistiques générales
  • Ce quiz a été pris 375 fois
  • Le résultat moyen est 218 sur 305
Statistiques - réponses
Réponse % Correct
On
99%
on
99%
ira
98%
de
94%
le
93%
a
92%
à
92%
les
91%
Les
91%
91%
et
90%
Et
90%
La
90%
des
88%
Des
88%
pas
88%
je
87%
que
87%
moi
86%
me
85%
nous
85%
toi
85%
partira
84%
qui
84%
Qui
84%
se
83%
en
82%
sais
81%
Tu
81%
tu
81%
belle
79%
il
79%
Si
78%
si
78%
ne
76%
ce
75%
Oh
75%
tous
75%
Tous
75%
d'or
74%
encore
74%
peu
74%
jour
73%
routes
73%
au
72%
chercheurs
72%
l'on
72%
Y
71%
y
71%
demain
70%
elles
70%
pour
70%
mènent
69%
sont
69%
ces
68%
doute
67%
est
67%
nos
67%
belles
66%
importe
66%
Ma
66%
étoiles
65%
suivra
65%
Un
65%
cherchera
63%
Loin
63%
revienne
63%
tout
63%
trouve
63%
dans
61%
faudra
59%
gens
59%
même
59%
Même
59%
Nords
59%
nuit
59%
perdra
59%
verras
59%
comme
58%
mon
57%
mourir
57%
villes
57%
l'autoroute
56%
l'heure
56%
plus
56%
qu'un
56%
retenir
56%
Ensuite
55%
crois
54%
font
53%
Quand
53%
qu'on
53%
ses
53%
soir
53%
Mais
51%
surprendre
51%
cartes
50%
destinations
50%
mort
50%
rien
50%
fera
49%
prisons
49%
s'ils
49%
temps
49%
peur
48%
soumises
48%
voit
48%
codes
47%
j'ai
47%
ressemblent
47%
sera
47%
vivre
47%
laissera
46%
ont
46%
clés
45%
jamais
44%
tiédeurs
44%
vérité
44%
tant
43%
perdu
42%
cas
41%
dévore
41%
ignoraient
41%
prendra
41%
choisi
40%
tremblent
40%
d'avance
39%
douleurs
39%
face
39%
interdira
39%
joué
39%
milliers
39%
ports
39%
volé
39%
peut-être
38%
pose
38%
bras
37%
brûlures
37%
monde
37%
s'arrêtera
37%
alcools
36%
rattrapera
36%
obéi
34%
petite
34%
tiens
34%
changera
33%
fuites
33%
fumées
33%
cuirasses
31%
calmants
29%
côté
29%
froids
29%
n'échappe
28%
l'ombre
19%
Aucun quiz correspondant
Distribution des résultats
% des personnes avec chaque résultat
Percentile par nombre de réponses
Votre historique - résultats
Vous n’avez pas pris ce quiz